000 00246nam a22000977a 4500
008 170124b xxu||||| |||| 00| 0 eng d
041 _aeng
080 _a618.2
245 _aHOME GUIDE TO EMERGENCY MEDICAL SITUATIONS
_cHEIMLICH, H.J
942 _2udc
_cBK
999 _c3537
_d3537